Real Madrid Champions league finals - Statistics

General Stats
  • This quiz has been taken 39 times
  • The average score is 3 of 15
Answer Stats
Hint Opponent Venue Manager % Correct
2023-2024 BVB Wembley Stadium Carlo Ancelotti
80%
2015-16 Atlético Madrid San Siro Zinedine Zidane
54%
1956-57 Fiorentina Santiago Bernabéu Stadium José Villalonga
40%
1999-2000 Valencia Stade de France Vicente del Bosque
34%
2021-22 Liverpool Stade de France Carlo Ancelotti
34%
2013-14 Atlético Madrid Estádio da Luz Carlo Ancelotti
26%
1959-60 Eintracht Frankfurt Hampden Park Miguel Muñoz
11%
2001-02 Bayer Leverkusen Hampden Park Vicente del Bosque
11%
1955-56 Stade de Reims Parc des Princes José Villalonga
11%
2016-17 Juventus Millennium Stadium Zinedine Zidane
6%
1997-98 Juventus Amsterdam Arena Jupp Heynckes
0%
1957-58 AC Milan Heysel Stadium Luis Carniglia
0%
1965-66 Partizan Belgrade Heysel Stadium Miguel Muñoz
0%
1958-59 Stade de Reims Neckarstadion Luis Carniglia
0%
2017-18 Liverpool NSC Olimpiyskiy Stadium Zinedine Zidane
0%
No matching quizzes found
Score Distribution
Percent of People with Each Score
Percentile by Number Answered
Your Score History
You have not taken this quiz